Royal Commission on the Police: minutes of evidence, 11-12 eleventh day, Wednesday, 11th January, 1961 & twelfth day, Thursday, 12th January, 1961 (witnesses- association of municipal corporations inns of court conservative and unionist society) (Record no. 411038)

000 -LEADER
fixed length control field 00546cam a22000977a 4500
008 - FIXED-LENGTH DATA ELEMENTS--GENERAL INFORMATION
fixed length control field 180718b1961 xxu||||| |||| 00| 0 eng d
082 ## - DEWEY DECIMAL CLASSIFICATION NUMBER
Classification number N4x42 Un3rcm
245 ## - TITLE STATEMENT
Title Royal Commission on the Police: minutes of evidence, 11-12 eleventh day, Wednesday, 11th January, 1961 & twelfth day, Thursday, 12th January, 1961 (witnesses- association of municipal corporations inns of court conservative and unionist society)
Statement of responsibility, etc. by Her Majesty's Stationery Office
260 ## - PUBLICATION, DISTRIBUTION, ETC.
Place of publication, distribution, etc. London
Name of publisher, distributor, etc. Her Majesty's Stationery Office
Date of publication, distribution, etc. 1961
700 ## - ADDED ENTRY--PERSONAL NAME
Personal name Her Majesty's Stationery Office
Holdings
Withdrawn status Lost status Damaged status Not for loan Permanent Location Current Location Date acquired Full call number Barcode Date last seen Price effective from Koha item type
        Indian Institute of Public Administration Indian Institute of Public Administration 2009-01-27 N4x42 Un3rcm 28164 2018-07-21 2018-07-21 Book

Powered by Koha